MARC details
| 000 -LEADER |
| fixed length control field |
01172cam a2200337 i 4500 |
| 003 - CONTROL NUMBER IDENTIFIER |
| control field |
TR-AnTOB |
| 005 - DATE AND TIME OF LATEST TRANSACTION |
| control field |
20220801145541.0 |
| 007 - PHYSICAL DESCRIPTION FIXED FIELD--GENERAL INFORMATION |
| fixed length control field |
ta |
| 008 - FIXED-LENGTH DATA ELEMENTS--GENERAL INFORMATION |
| fixed length control field |
760109s1958 fr 000 0 eng d |
| 035 ## - SYSTEM CONTROL NUMBER |
| System control number |
(OCoLC)1919883 |
|
| System control number |
(OCoLC)1919883 |
| 040 ## - CATALOGING SOURCE |
| Original cataloging agency |
ZIH |
| Language of cataloging |
eng |
| Description conventions |
rda |
| Transcribing agency |
ZIH |
| Modifying agency |
m.c. |
| -- |
EEM |
| -- |
UtOrBLW |
| -- |
TR-AnTOB |
| 041 0# - LANGUAGE CODE |
| Language code of text/sound track or separate title |
İngilizce |
| 043 ## - GEOGRAPHIC AREA CODE |
| Geographic area code |
e------ |
| 050 #4 - LIBRARY OF CONGRESS CALL NUMBER |
| Classification number |
HC240 |
| Item number |
.O74 1958 |
| 090 ## - LOCALLY ASSIGNED LC-TYPE CALL NUMBER (OCLC); LOCAL CALL NUMBER (RLIN) |
| Classification number (OCLC) (R) ; Classification number, CALL (RLIN) (NR) |
HC240 |
| Local cutter number (OCLC) ; Book number/undivided call number, CALL (RLIN) |
.O74 1958 |
| 110 2# - MAIN ENTRY--CORPORATE NAME |
| Corporate name or jurisdiction name as entry element |
Organisation for European Economic Co-operation |
| 9 (RLIN) |
103898 |
| 245 12 - TITLE STATEMENT |
| Title |
A decade of co-operation : |
| Remainder of title |
achievements and perspectives / |
| Statement of responsibility, etc. |
O. E. E. C. |
| 264 #1 - PRODUCTION, PUBLICATION, DISTRIBUTION, MANUFACTURE, AND COPYRIGHT NOTICE |
| Place of production, publication, distribution, manufacture |
Paris : |
| Name of producer, publisher, distributor, manufacturer |
The Organization, |
| Date of production, publication, distribution, manufacture, or copyright notice |
[1958] |
| 300 ## - PHYSICAL DESCRIPTION |
| Extent |
187 pages ; |
| Dimensions |
25 cm |
| 336 ## - CONTENT TYPE |
| Content type term |
text |
| Content type code |
txt |
| Source |
rdacontent |
| 337 ## - MEDIA TYPE |
| Media type term |
unmediated |
| Media type code |
n |
| Source |
rdamedia |
| 338 ## - CARRIER TYPE |
| Carrier type term |
volume |
| Carrier type code |
nc |
| Source |
rdacarrier |
| 490 0# - SERIES STATEMENT |
| Series statement |
Organisation for European Economic Co-operation 9th report. |
| 583 1# - ACTION NOTE |
| Materials specified |
copy1 |
| Action |
Committed to retain |
| Time/date of action |
20200101 |
| Action interval |
20341231 |
| Authorization |
MI-SPI |
| Uniform Resource Identifier |
<a href="http://www.mcls.org/engagement/mi-spi/">http://www.mcls.org/engagement/mi-spi/</a> |
| Institution to which field applies |
MiEM. |
| 650 #0 - SUBJECT ADDED ENTRY--TOPICAL TERM |
| Topical term or geographic name entry element |
International cooperation |
| 9 (RLIN) |
22046 |
| 651 #0 - SUBJECT ADDED ENTRY--GEOGRAPHIC NAME |
| Geographic name |
Europe |
| General subdivision |
Economic conditions |
| Chronological subdivision |
1945- |
| 9 (RLIN) |
134876 |
| 942 ## - ADDED ENTRY ELEMENTS (KOHA) |
| Source of classification or shelving scheme |
Library of Congress Classification |
| Koha item type |
Book |